00606 2200229 4500001002100000005001500021035002000036245005900056100001600115250000600131300003500137260003300172082001000205084001600215020002100231650003900252990001700291990001700308990001700325990001700342990001700359INLIS00000000000065520190123050439 a0010-01190001111 aBagaimana Mengawetkan dan Mengolah Ikan /cEdi Warsidi0 aEdi Warsidi a- avi, 94 hlm. :bilus. ;c21 cm. aBekasi :bMitra Utama,c2008 a641.4 a641.4 EDI b a978-602-842600-8 aPengawetan dan Penyimpanan makanan a02440/P/2018 a02441/P/2018 a02442/P/2018 a02443/P/2018 a02444/P/2018